000 00718nam a2200241Ia 4500
003 GCL
008 140319s9999 xx 000 0 ara d
040 _aGCL /
_cGCL
082 0 4 _a551.4607
_bر ف
100 1 _aرجب سعد السيد
245 1 0 _aفى عالم البحار /
_cرجب سعد السيد
260 _a[S.N] :
_bالهيئة المصرية العامة للكتاب ،
_c1992
300 _a227 ص
490 _aتبسيط العلوم
_v0
650 0 4 _aالعلم
650 0 4 _aالبحار
650 0 4 _aالاسماء
650 0 4 _aالاسماك
650 0 4 _aالاحياء المائية
650 0 4 _aالاحياء البحرية
650 0 4 _aالاسفنج
942 _2ddc
_cBK
999 _c58881
_d58881